000 00803cam a22002651 4500
001 3046
003 (
005 20211208233650.0
008 131812s1953 nyua 00| 0 eng
035 _a(BD-RjUL)
035 _a(OCoLC)230863
_a(BD-RjUL)3080
040 _aDLC
_cODaWU
_dOCoLC
_dUk
_dBD-RjUL
_beng
041 _aeng
082 _a338.1
_bSCE 1953
100 1 _aSchultz, Theodore W.
_q(Theodore William),
_d1902-1998.
_99685
245 1 4 _aThe economic organization of agriculture /
260 _aNew York;
_alondon:
_bMcGraw-Hill,
_c1953.
300 _a374 p.
_billus.
_c24 cm.
504 _aIncludes Index
650 0 _aAgriculture
_xEconomic aspects.
_99686
650 0 _aAgriculture
_xEconomic aspects
_zUnited States.
_97960
942 _2ddc
_cBK
999 _c3046
_d3046